| 000 | 00497nam a2200121Ia 4500 | ||
|---|---|---|---|
| 008 | 220616s9999||||xx |||||||||||||| ||und|| | ||
| 100 | _aEuropean Investment Bank | ||
| 245 | 0 |
_aGlobal reach _bThe impact of the EIB beyond the European Union 2019 |
|
| 546 | _aEnglish[eng] | ||
| 650 | _aBusiness & Economics||Finance | ||
| 856 | _uhttps://library.oapen.org/bitstream/20.500.12657/47409/1/QHAU20001ENN.en.pdf||https://library.oapen.org/bitstream/20.500.12657/47409/1/QHAU20001ENN.en.pdf | ||
| 942 | _cEB | ||
| 999 |
_c20067 _d20067 |
||